| 000 | 00401nam a22001697a 4500 | ||
|---|---|---|---|
| 003 | CEME | ||
| 005 | 20210628205829.0 | ||
| 008 | 210317b xxu||||| |||| 00| 0 eng d | ||
| 020 | _a1069-6164 | ||
| 040 | _c. | ||
| 082 | _a050 SER | ||
| 100 |
_aSerials _977177 |
||
| 245 | _aSerials 1999 catalogure in microform umi | ||
| 260 |
_aUSA _bA BELL & HARVAY _c1999 |
||
| 300 | _a1290P | ||
| 942 |
_cBK _2ddc |
||
| 999 |
_c582492 _d582492 |
||